00799nam a2200193 a 4500001001000000005001700010008004100027050002100068100003200089245013600121260005500257300003700312440003800349500000800387600009800395600006500493651002300558700002400581BRCA_291220190320204026.0121208s1907----gw-a---###---#000-0#ger-u 4aF1230b.C67 19071 aCortes, Hernandod1485-154710aDie Eroberung von MexikobDrei eigenhändige Berichtecvon Ferdinand Cortez an kaiser Karl V. ; Bearbeitet von Dr. Ernst Schultze. aHamburgbIm Gutenberg-Verlag Dr. E. Schultzec1907 a641 p.bil., 6 láminasc23 cm. 0aBibliothek Wertvoller Memoirenn4 aB4614aCarloscRey de España y V Emperador de Alemaniad1500-1558xCorrespondencia, memorias, etc.14aCortes, Hernandod1485-1547xCorrespondencia, memorias, etc. 4aMéxicoxHistoria1 aSchultze, Ernsteed